| 000 | 01037nam0a22002651 4500 | ||
|---|---|---|---|
| 001 | rc\3582013 | ||
| 005 | 20241009162039.0 | ||
| 021 |
_aRU _bРг10444-72 |
||
| 021 |
_aRU _b72-30115 |
||
| 035 | _a(NLR Aleph) 007678763 | ||
| 090 |
_a6514717 _c6514717 |
||
| 100 | _a20130115d1971 |||y0rusy50 ca | ||
| 101 | 0 | _arus | |
| 102 | _aRU | ||
| 105 | _ay z ||||| | ||
| 200 | 1 |
_aДеятельность Коммунистической партии по укреплению Советских Вооруженных Сил накануне Великой Отечественной войны (1938 - июнь 1941 гг.) _e[Учеб. пособие] _fКиевское высш. инж. радиотехн. училище противовоздуш. обороны |
|
| 210 |
_aКиев _cБ. и. _d1971 |
||
| 215 |
_a28 с. _d22 |
||
| 700 | 1 |
_aПиха _bД. Д. _gДмитрий Дементьевич |
|
| 801 | 0 |
_aRU _bNLR _gpsbo |
|
| 801 | 1 |
_aRU _bELAR _2rusmarc |
|
| 852 |
_aNLR _j72-6/5484 |
||
| 942 | _cBOOK | ||
| 980 | _aNB | ||